[Event "Bad Woerishofen op"]
[Site "?"]
[Date "2000.??.??"]
[Round "9"]
[White "Emami, Madjid"]
[Black "Hopp, Guenter"]
[Result "1-0"]
[WhiteElo "2154"]
[BlackElo "1850"]
[PlyCount "101"]
[EventDate "2000.??.??"]

1. Nf3 d5 2. g3 Nf6 3. Bg2 g6 4. O-O Bg7 5. d3 Bg4 6. Nbd2 Nbd7 7. c4 c6 8. Rb1
O-O 9. b4 a6 10. a4 e5 11. b5 axb5 12. axb5 Qc7 13. h3 Be6 14. Ng5 h6 15. Nxe6
fxe6 16. Qb3 Ra5 17. Ba3 Rfa8 18. Bb4 Ra2 19. Rfc1 Qb6 20. Bc3 d4 21. Bb2 Bf8
22. bxc6 Qxb3 23. Nxb3 bxc6 24. Bxc6 Rb8 25. Bb5 Nc5 26. Nxc5 Bxc5 27. Rd1 Ba3
28. Bxa3 Rxa3 29. Bc6 Rxb1 30. Rxb1 Ra2 31. Bf3 Ra7 32. Kg2 Kf7 33. Rb7+ Rxb7
34. Bxb7 Ke7 35. Kf1 Kd6 36. Ke1 Kc7 37. Bf3 Kd6 38. Kd2 Kc5 39. Kc2 Kb4 40.
Bg4 Nxg4 41. hxg4 e4 42. Kd2 g5 43. Kc2 e5 44. Kd2 Kc5 45. f3 exf3 46. exf3 Kb4
47. Ke2 Kc5 48. f4 e4 49. dxe4 Kxc4 50. f5 d3+ 51. Kd2 1-0

[Event "Bad Woerishofen op"]
[Site "Bad Woerishofen"]
[Date "2000.??.??"]
[Round "2"]
[White "Enders, Peter"]
[Black "Hofmann, Juergen"]
[Result "1-0"]
[WhiteElo "2493"]
[BlackElo "2200"]
[PlyCount "43"]
[EventDate "1998.03.05"]
[Source "ChessBase"]
[SourceDate "1998.04.29"]

1. e4 d5 2. exd5 Qxd5 3. Nc3 Qa5 4. Nf3 Bf5 5. b4 Qb6 6. Nd5 Qd6 7. Ne3 Bg6 8.
a3 Nh6 9. Bb2 f6 10. Bc4 Bh5 11. Rg1 Ng4 12. Qe2 Nxh2 13. g4 Bg6 14. Nh4 Nc6
15. Rg3 O-O-O 16. Rh3 Be4 17. f4 Nxg4 18. Qxg4+ f5 19. Nhxf5 Qxd2+ 20. Kf1 h5
21. Be6+ Kb8 22. Qe2 1-0

[Event "Bad Woerishofen op"]
[Site "?"]
[Date "2000.??.??"]
[Round "4"]
[White "Enders, Peter"]
[Black "Tauber, Manfred"]
[Result "1-0"]
[WhiteElo "2478"]
[BlackElo "2253"]
[PlyCount "215"]
[EventDate "2000.??.??"]

1. e4 c5 2. Nf3 Nc6 3. d4 cxd4 4. Nxd4 Nf6 5. Nc3 d6 6. Bg5 e6 7. Qd2 a6 8.
O-O-O Bd7 9. f4 Be7 10. Nf3 h6 11. Bxf6 gxf6 12. Kb1 Qa5 13. g3 O-O-O 14. Bh3
Kb8 15. f5 Bc8 16. fxe6 fxe6 17. Ne2 Qh5 18. Nh4 Qf7 19. Nf4 Rhg8 20. Qc3 Rg5
21. Qc4 d5 22. exd5 exd5 23. Qa4 d4 24. Qb3 Qxb3 25. axb3 Bxh3 26. Nxh3 Rb5 27.
Nf4 f5 28. Nf3 Rd6 29. h4 Kc8 30. Rhe1 Kd7 31. Re2 Bf6 32. Rde1 Nb4 33. Nh5 Nc6
34. Nd2 Bd8 35. Nc4 Rg6 36. Ne5+ Nxe5 37. Rxe5 Rxe5 38. Rxe5 Bc7 39. Rxf5 Bxg3
40. Nxg3 Rxg3 41. Rd5+ Kc6 42. Rxd4 Rg1+ 43. Ka2 h5 44. Rf4 Rg4 45. Rxg4 hxg4
46. h5 g3 47. h6 g2 48. h7 g1=Q 49. h8=Q Kc7 50. Qe5+ Kc8 51. b4 Qg2 52. Qf5+
Kb8 53. c4 Qd2 54. Qf8+ Kc7 55. Qc5+ Kb8 56. b5 axb5 57. Qxb5 Qe1 58. Qb6 Qd1
59. Qa5 Kc8 60. Qf5+ Kb8 61. Qe5+ Kc8 62. Ka3 Qd3+ 63. Kb4 Qd2+ 64. Kb5 Qd7+
65. Kc5 Qc6+ 66. Kd4 Qd7+ 67. Kc3 Qd1 68. Qd4 Qe1+ 69. Kb3 Kb8 70. Ka4 Qe8+ 71.
Ka5 Qe1+ 72. b4 Qg3 73. Kb5 Qg6 74. Qd8+ Ka7 75. Qd4+ Kb8 76. Qf4+ Ka7 77. Qe3+
Kb8 78. Qf4+ Ka7 79. Qf2+ Kb8 80. Ka4 Qa6+ 81. Kb3 Qg6 82. Qc2 Qg3+ 83. Qc3 Qg6
84. Kb2 Qg2+ 85. Ka3 Qh2 86. b5 b6 87. Qf6 Qg1 88. Qd8+ Ka7 89. Qd7+ Kb8 90.
Qd8+ Kb7 91. Qd7+ Kb8 92. Qd3 Ka7 93. Kb2 Kb8 94. Kb3 Ka7 95. Kc2 Kb8 96. Kc3
Qa1+ 97. Kd2 Qb2+ 98. Ke3 Qe5+ 99. Kf3 Qf6+ 100. Kg2 Qg5+ 101. Qg3+ Qxg3+ 102.
Kxg3 Kc7 103. Kf4 Kd6 104. Ke4 Kc5 105. Kd3 Kd6 106. Kd4 Kc7 107. Ke5 Kd7 108.
Kd5 1-0

[Event "Bad Woerishofen op"]
[Site "?"]
[Date "2000.??.??"]
[Round "6"]
[White "Enders, Peter"]
[Black "Lieb, Harald"]
[Result "1-0"]
[WhiteElo "2493"]
[BlackElo "2252"]
[PlyCount "73"]
[EventDate "2000.??.??"]

1. e4 e6 2. d4 d5 3. Nc3 Bb4 4. e5 c5 5. a3 Bxc3+ 6. bxc3 Ne7 7. Qg4 Qc7 8. Kd1
cxd4 9. cxd4 Nbc6 10. Nf3 Nf5 11. Bd3 h5 12. Qg5 Nce7 13. a4 Bd7 14. Ba3 Qc3
15. Ke2 Nc6 16. Bxf5 exf5 17. Rhc1 Be6 18. Bd6 Kd7 19. Ra3 Qc4+ 20. Kd2 Rae8
21. Rb1 Qa6 22. Rb5 Na5 23. Rc3 Nc6 24. Rbc5 Rhg8 25. h4 Qf1 26. Rxc6 bxc6 27.
Rb3 Qa6 28. Ne1 c5 29. Bxc5 Qa5+ 30. Kd1 Kc6 31. Nd3 Rb8 32. Nb4+ Rxb4 33. Rxb4
Qc7 34. Bd6 f6 35. Qe3 Qc8 36. Qb3 Qa6 37. Qc3+ 1-0

[Event "Bad Woerishofen op"]
[Site "?"]
[Date "2000.??.??"]
[Round "8"]
[White "Enders, Peter"]
[Black "Saumweber, Walter"]
[Result "1-0"]
[WhiteElo "2493"]
[BlackElo "2212"]
[PlyCount "119"]
[EventDate "2000.??.??"]

1. c4 f5 2. Nf3 Nf6 3. Nc3 d6 4. d4 g6 5. Bg5 Bg7 6. Qc2 O-O 7. Rd1 Qe8 8. Nd5
Nxd5 9. cxd5 c6 10. dxc6 Nxc6 11. e3 Kh8 12. Be2 Bd7 13. d5 Nb4 14. Qd2 a5 15.
a3 Na6 16. Nd4 Nc5 17. f3 Qf7 18. Bc4 Rfc8 19. O-O Qe8 20. Ba2 b5 21. Bb1 Rab8
22. Qe1 b4 23. Qh4 bxa3 24. bxa3 e5 25. dxe6 Nxe6 26. Bf6 Qf7 27. Bxg7+ Nxg7
28. e4 Rc3 29. exf5 Bxf5 30. Qf4 Qa7 31. Qxd6 Rcc8 32. Bxf5 Nxf5 33. Qf6+ Kg8
34. Kh1 Nxd4 35. Rxd4 Rf8 36. Qd6 Rfd8 37. Qxd8+ Rxd8 38. Rxd8+ Kg7 39. Rfd1
Qe3 40. a4 Qb3 41. R8d4 h5 42. h4 Kf6 43. Re1 Qa3 44. Kh2 Qc5 45. Rf4+ Kg7 46.
Rfe4 Qc7+ 47. Kh1 Qg3 48. Rd1 Qc7 49. Re6 Qf4 50. Rd7+ Kf8 51. Re4 Qc1+ 52. Kh2
g5 53. Rh7 g4 54. Rxh5 gxf3 55. Rf5+ Kg7 56. Rxf3 Qc7+ 57. Ref4 Qe5 58. g3 Qe2+
59. Kh3 Qe6+ 60. g4 1-0

[Event "Bad Woerishofen op"]
[Site "Bad Woerishofen"]
[Date "2000.??.??"]
[Round "1"]
[White "Engl, Heinz"]
[Black "Wawrinsky, Ludwig"]
[Result "1-0"]
[WhiteElo "2150"]
[BlackElo "1700"]
[PlyCount "43"]
[EventDate "1998.03.05"]
[Source "ChessBase"]
[SourceDate "1998.04.29"]

1. e4 e5 2. Nf3 Nc6 3. Nc3 Nf6 4. Bb5 d6 5. d4 Bd7 6. Bg5 exd4 7. Nxd4 Ne5 8.
f4 Nc6 9. Bxc6 bxc6 10. e5 dxe5 11. fxe5 Bg4 12. Qd2 c5 13. Ndb5 h6 14. exf6
hxg5 15. Qxg5 Bh5 16. Qe5+ Kd7 17. Qf5+ Kc6 18. a4 a6 19. Qe4+ Kd7 20. O-O axb5
21. axb5 Rxa1 22. Qc6+ 1-0

[Event "Bad Woerishofen op"]
[Site "?"]
[Date "2000.??.??"]
[Round "3"]
[White "Engl, Heinz"]
[Black "Beck, Alexander"]
[Result "0-1"]
[WhiteElo "2150"]
[BlackElo "1932"]
[PlyCount "82"]
[EventDate "2000.??.??"]

1. e4 c5 2. Nf3 Nc6 3. d4 cxd4 4. Nxd4 Nf6 5. Nc3 g6 6. Be3 Bg7 7. Bc4 O-O 8.
Bb3 b6 9. f3 Ba6 10. Qd2 Rc8 11. O-O-O Qc7 12. h4 Nh5 13. Nxc6 dxc6 14. g4 Rfd8
15. Qf2 Nf4 16. h5 g5 17. h6 Be5 18. Kb1 Rxd1+ 19. Rxd1 Rd8 20. a3 Rxd1+ 21.
Nxd1 Qd6 22. Bd2 Qxh6 23. Ne3 e6 24. Bc4 b5 25. Bf1 Bd4 26. Qe1 Qh1 27. Qc1
Qxf3 28. Bd3 c5 29. a4 Bxe3 30. Bxe3 c4 31. Bf1 bxa4 32. Bd4 Qxe4 33. Bc3 h6
34. Qd2 Nd5 35. Qh2 Nxc3+ 36. bxc3 Qe1+ 37. Kb2 a3+ 38. Kxa3 Qxc3+ 39. Ka2 Qa5+
40. Kb1 Qb4+ 41. Kc1 Qe1+ 0-1

[Event "Bad Woerishofen op"]
[Site "?"]
[Date "2000.??.??"]
[Round "6"]
[White "Engl, Heinz"]
[Black "Valent, Peter"]
[Result "1/2-1/2"]
[WhiteElo "2150"]
[BlackElo "2065"]
[PlyCount "56"]
[EventDate "2000.??.??"]

1. e4 c5 2. Nf3 Nc6 3. d4 cxd4 4. Nxd4 Nf6 5. Nc3 Qb6 6. Nb3 e6 7. Be3 Qc7 8.
Bd3 Bb4 9. O-O Bxc3 10. bxc3 O-O 11. f4 d6 12. Nd4 a6 13. c4 Nxd4 14. Bxd4 e5
15. Bf2 Ng4 16. f5 Nxf2 17. Rxf2 f6 18. Rf3 Bd7 19. Rh3 Be8 20. Rb1 g5 21. Be2
b5 22. Rc3 Bf7 23. h4 gxh4 24. Qe1 Bxc4 25. Bxc4+ bxc4 26. Qxh4 Rab8 27. Rxb8
Qxb8 28. Rxc4 Qb5 1/2-1/2

[Event "Bad Woerishofen op"]
[Site "?"]
[Date "2000.??.??"]
[Round "4"]
[White "Epishin, Vladimir"]
[Black "Popitz, Andreas"]
[Result "1-0"]
[WhiteElo "2667"]
[BlackElo "2177"]
[PlyCount "39"]
[EventDate "2000.??.??"]

1. d4 d5 2. c4 e6 3. Nc3 Be7 4. Nf3 Nf6 5. Bf4 O-O 6. e3 a6 7. Qc2 Nbd7 8. cxd5
exd5 9. g4 c6 10. Bd3 g6 11. h4 Ne4 12. g5 Nxc3 13. bxc3 c5 14. h5 Qb6 15. hxg6
hxg6 16. Rh6 Kg7 17. Ne5 Rh8 18. Nxd7 Bxd7 19. Be5+ f6 20. Bxf6+ 1-0

[Event "Bad Woerishofen op"]
[Site "?"]
[Date "2000.??.??"]
[Round "8"]
[White "Epishin, Vladimir"]
[Black "Dittmar, Peter"]
[Result "1-0"]
[WhiteElo "2667"]
[BlackElo "2308"]
[PlyCount "119"]
[EventDate "2000.??.??"]

1. d4 d5 2. c4 e6 3. Nf3 c5 4. cxd5 exd5 5. g3 Nf6 6. Bg2 Nc6 7. O-O Be7 8. Nc3
O-O 9. dxc5 Bxc5 10. Bg5 d4 11. Bxf6 Qxf6 12. Nd5 Qd8 13. Nd2 Re8 14. Rc1 Bb6
15. Nf4 Bg4 16. h3 Bd7 17. Re1 Bc7 18. Nd3 Qc8 19. Kh2 h5 20. Nf3 Qd8 21. Kg1
Qf6 22. b4 Bd6 23. Qd2 Rad8 24. a3 Bf5 25. h4 Be4 26. Qg5 Qxg5 27. Nxg5 Bxg2
28. Kxg2 Ne7 29. Rc4 Nf5 30. Kf3 Re7 31. Ne4 Bb8 32. Rc5 g6 33. Rec1 Kg7 34.
Rc8 Rxc8 35. Rxc8 Rxe4 36. Rxb8 Re7 37. Rc8 Nd6 38. Rc5 b6 39. Rd5 Nc4 40. a4
Nd2+ 41. Kg2 Rxe2 42. Rxd4 Re7 43. b5 Ne4 44. Kf3 Nf6 45. Nb4 Rc7 46. Kf4 Rc5
47. f3 Rc7 48. g4 hxg4 49. fxg4 Nd7 50. Nc6 Nc5 51. Ke5 a6 52. g5 axb5 53. axb5
Rc8 54. Rc4 Ne6 55. Kd6 Ra8 56. Ne5 Rd8+ 57. Kc6 Nd4+ 58. Kxb6 Rb8+ 59. Kc5
Nxb5 60. Nc6 1-0

[Event "Bad Woerishofen op"]
[Site "Bad Woerishofen"]
[Date "2000.??.??"]
[Round "1"]
[White "Erenska, Hanna"]
[Black "Ries, Berthold"]
[Result "1-0"]
[WhiteElo "2250"]
[BlackElo "1850"]
[PlyCount "75"]
[EventDate "1998.03.05"]
[Source "ChessBase"]
[SourceDate "1998.04.29"]

1. e4 c5 2. f4 d5 3. exd5 Qxd5 4. Nc3 Qd8 5. Nf3 Nc6 6. Bb5 Bd7 7. Qe2 Nf6 8.
d3 e6 9. f5 Be7 10. fxe6 Bxe6 11. Bxc6+ bxc6 12. O-O O-O 13. b3 Bg4 14. Bb2 Nd5
15. Ne4 f5 16. Ned2 f4 17. Nc4 Bf6 18. Bxf6 Rxf6 19. Qf2 Bxf3 20. Qxf3 Nb4 21.
Qf2 Qd4 22. Qxd4 cxd4 23. Rf2 Re8 24. a3 Nd5 25. Nd2 Nc3 26. b4 Re3 27. Kf1 Rf5
28. Nb3 f3 29. Nxd4 fxg2+ 30. Kxg2 Rg5+ 31. Kh1 c5 32. Raf1 h6 33. Nf5 Re5 34.
bxc5 Rxc5 35. Nd6 Nd5 36. Ne4 Ne3 37. Nxc5 Nxf1 38. Ne4 1-0

[Event "Bad Woerishofen op"]
[Site "?"]
[Date "2000.??.??"]
[Round "3"]
[White "Erenska, Hanna"]
[Black "Hopp, Guenter"]
[Result "1/2-1/2"]
[WhiteElo "2250"]
[BlackElo "1850"]
[PlyCount "135"]
[EventDate "2000.??.??"]

1. e4 e6 2. d4 d5 3. exd5 exd5 4. Nf3 Bd6 5. c4 c6 6. Bd3 Ne7 7. O-O O-O 8. Bg5
f6 9. Bh4 Bf5 10. Nc3 Bxd3 11. Qxd3 Qe8 12. Rfe1 dxc4 13. Qxc4+ Qf7 14. Qe6 Rd8
15. Bg3 Nc8 16. Qh3 Nd7 17. Ne4 Nf8 18. Nc5 Nb6 19. Ne6 Nxe6 20. Rxe6 Bxg3 21.
hxg3 Re8 22. Rae1 Rxe6 23. Rxe6 Re8 24. Rxe8+ Qxe8 25. Qf5 Qd7 26. Qa5 Nc8 27.
b3 g6 28. Qb4 Qe7 29. Qc4+ Kg7 30. Kf1 Nb6 31. Qc2 Qe6 32. a4 Nd5 33. a5 b6 34.
axb6 axb6 35. Ne1 Nb4 36. Qc4 Qxc4+ 37. bxc4 Kf7 38. Ke2 Ke6 39. Kd2 Na6 40.
Kc3 Kd6 41. Nd3 Ke6 42. f3 Kd6 43. g4 Nc7 44. Nf2 Ke6 45. Ne4 h6 46. Nf2 Ne8
47. Nd3 Kd6 48. Kb4 Nc7 49. c5+ bxc5+ 50. dxc5+ Kd7 51. Kc4 Nd5 52. Kd4 Ke6 53.
g3 Ke7 54. Nb2 Ke6 55. Nc4 Ne7 56. Nb6 Kf7 57. Ke4 Ke6 58. f4 Kf7 59. f5 gxf5+
60. gxf5 h5 61. Nc4 Kg7 62. Nd6 Kh6 63. Nf7+ Kg7 64. Nd8 Kh6 65. Ne6 Nd5 66.
Kf3 Ne7 67. g4 hxg4+ 68. Kxg4 1/2-1/2

[Event "Bad Woerishofen op"]
[Site "?"]
[Date "2000.??.??"]
[Round "5"]
[White "Erenska, Hanna"]
[Black "Schlindwein, Rolf"]
[Result "1/2-1/2"]
[WhiteElo "2250"]
[BlackElo "2442"]
[PlyCount "76"]
[EventDate "2000.??.??"]

1. e4 e5 2. Nc3 Bc5 3. Bc4 d6 4. d3 Nc6 5. Be3 Bxe3 6. fxe3 Na5 7. Bb3 Nxb3 8.
axb3 Qh4+ 9. g3 Qg5 10. Qe2 c6 11. Nf3 Qh5 12. O-O-O Bg4 13. Rdf1 Bh3 14. Rf2
Nf6 15. Ng1 Bg4 16. Nf3 d5 17. exd5 cxd5 18. d4 O-O 19. Qf1 Qh6 20. Nxe5 Qxe3+
21. Rd2 Rac8 22. Nxg4 Nxg4 23. Qe1 Qg5 24. Kb1 Rfe8 25. Re2 Nf6 26. Re5 Rxe5
27. Qxe5 Qd2 28. Qf5 Re8 29. Rd1 Qg2 30. h4 h5 31. Qf4 a6 32. b4 b5 33. Rf1 Kh8
34. Rd1 Re6 35. Qb8+ Re8 36. Qf4 Kg8 37. Rf1 Re3 38. Nxd5 Nxd5 1/2-1/2

[Event "Bad Woerishofen op"]
[Site "?"]
[Date "2000.??.??"]
[Round "9"]
[White "Erenska, Hanna"]
[Black "Seifert, Volker"]
[Result "1/2-1/2"]
[WhiteElo "2250"]
[BlackElo "2108"]
[PlyCount "57"]
[EventDate "2000.??.??"]

1. e4 c5 2. Nf3 Nc6 3. Bb5 g6 4. Bxc6 dxc6 5. d3 Bg7 6. O-O e5 7. Bg5 Ne7 8.
Qd2 O-O 9. Bh6 f6 10. Bxg7 Kxg7 11. Qc3 b6 12. a4 Be6 13. a5 Qc7 14. Nbd2 Rab8
15. b3 Nc8 16. axb6 axb6 17. Ra2 Nd6 18. Qa1 Nb5 19. Nc4 Rb7 20. Ra6 Rd8 21.
Qb2 Nd4 22. Nxd4 cxd4 23. Rfa1 c5 24. h3 Bd7 25. R1a2 b5 26. Nd2 Rdb8 27. Qa3
Kf7 28. Qa5 Qxa5 29. R2xa5 1/2-1/2

[Event "Bad Woerishofen op"]
[Site "Bad Woerishofen"]
[Date "2000.??.??"]
[Round "1"]
[White "Eschle, Hubert"]
[Black "Grotz, Stephan"]
[Result "0-1"]
[WhiteElo "1783"]
[BlackElo "2204"]
[PlyCount "78"]
[EventDate "1998.03.05"]
[Source "ChessBase"]
[SourceDate "1998.04.29"]

1. e4 c5 2. Nf3 d6 3. d4 cxd4 4. Nxd4 Nf6 5. Nc3 g6 6. Bc4 Bg7 7. Bb3 Nc6 8.
Nxc6 bxc6 9. O-O O-O 10. Kh1 Ba6 11. Re1 h5 12. f3 e6 13. Bg5 Qc7 14. Qd2 Rfd8
15. Qf4 e5 16. Qh4 Qe7 17. Ne2 d5 18. exd5 cxd5 19. Nf4 Qd6 20. Nxd5 Nxd5 21.
Rad1 Bb7 22. Bxd8 Rxd8 23. c4 Bf6 24. Qf2 Qb6 25. Qg3 Nf4 26. Rxd8+ Qxd8 27. c5
h4 28. Qf2 Nd3 29. Qc2 e4 30. c6 Bc8 31. Rxe4 Bf5 32. c7 Qd6 33. c8=Q+ Bxc8 34.
Qxc8+ Kh7 35. Re2 Qf4 36. Qc2 Be5 37. g3 Qxf3+ 38. Rg2 Qf1+ 39. Rg1 Nf2+ 0-1

[Event "Bad Woerishofen op"]
[Site "?"]
[Date "2000.??.??"]
[Round "3"]
[White "Eschle, Hubert"]
[Black "Woelk, Peter"]
[Result "1-0"]
[WhiteElo "1783"]
[BlackElo "1549"]
[PlyCount "91"]
[EventDate "2000.??.??"]

1. e4 c5 2. Nc3 Nc6 3. g3 g6 4. Bg2 Bg7 5. d3 d6 6. f4 e6 7. Nf3 Nge7 8. O-O
O-O 9. Be3 Qb6 10. Qd2 Bd7 11. e5 Nd4 12. exd6 Nxf3+ 13. Bxf3 Nf5 14. Bf2 Nxd6
15. Ne2 Rac8 16. c3 Bc6 17. Bg4 Rfd8 18. Qc2 Qa5 19. h4 Nf5 20. Kh2 Bb5 21. Nc1
Qc7 22. Be2 b6 23. a4 Bc6 24. Nb3 a5 25. Nd2 Qd7 26. Rg1 Qd6 27. Rad1 Qc7 28.
Bf3 Bxf3 29. Nxf3 Qd6 30. Rge1 Qc7 31. Re2 Rd5 32. Red2 Rcd8 33. Kg2 Ne7 34. d4
cxd4 35. Nxd4 Qb7 36. Kh2 Rc8 37. Qe4 Qd7 38. Qe2 Nc6 39. Nf3 Ne7 40. Rxd5 exd5
41. Bxb6 Rc4 42. Qxc4 Qe6 43. Qb5 Qe4 44. Re1 Qxf3 45. Rxe7 Bf6 46. Qe8+ 1-0

[Event "Bad Woerishofen op"]
[Site "?"]
[Date "2000.??.??"]
[Round "5"]
[White "Eschle, Hubert"]
[Black "Mantzouneas, Nikolaos"]
[Result "1/2-1/2"]
[WhiteElo "1783"]
[BlackElo "2057"]
[PlyCount "55"]
[EventDate "2000.??.??"]

1. e4 c5 2. Nf3 d6 3. d4 cxd4 4. Nxd4 Nf6 5. Nc3 Nc6 6. Nb3 e6 7. Be2 Be7 8.
O-O O-O 9. Be3 a6 10. f4 b5 11. Bf3 Bb7 12. Qe1 Nb4 13. Qf2 d5 14. Rad1 Qc8 15.
Bc5 Bxc5 16. Nxc5 dxe4 17. N3xe4 Nxe4 18. Nxe4 Qxc2 19. Qd4 Nd5 20. Nc5 Bc6 21.
Be4 Qc4 22. Qf2 Ne7 23. Rc1 Qb4 24. a3 Qa5 25. Nb3 Qa4 26. Nc5 Qa5 27. Nb3 Qa4
28. Nc5 1/2-1/2

[Event "Bad Woerishofen op"]
[Site "?"]
[Date "2000.??.??"]
[Round "7"]
[White "Eschle, Hubert"]
[Black "Clasen, Sven-Olaf"]
[Result "1-0"]
[WhiteElo "1783"]
[BlackElo "2094"]
[PlyCount "55"]
[EventDate "2000.??.??"]

1. e4 e6 2. d4 d5 3. Nc3 Bb4 4. e5 c5 5. a3 Bxc3+ 6. bxc3 Ne7 7. f4 b6 8. Bb5+
Bd7 9. Bd3 Qc7 10. Nf3 Nbc6 11. Be3 cxd4 12. cxd4 Na5 13. O-O Nc4 14. Qe2 Nf5
15. Bf2 O-O 16. g4 Nh6 17. Bh4 Rae8 18. Qg2 Ne3 19. Qg3 Nxf1 20. Rxf1 Qc8 21.
Bg5 Kh8 22. Qh4 Rg8 23. Bxh6 gxh6 24. Ng5 Rxg5 25. fxg5 Rg8 26. Rxf7 Rxg5 27.
Rxh7+ Kg8 28. Rxh6 1-0

[Event "Bad Woerishofen op"]
[Site "?"]
[Date "2000.??.??"]
[Round "9"]
[White "Eschle, Hubert"]
[Black "van Hoolandt, Patrick"]
[Result "0-1"]
[WhiteElo "1783"]
[BlackElo "2098"]
[PlyCount "64"]
[EventDate "2000.??.??"]

1. e4 e5 2. Nf3 Nc6 3. Bb5 Nf6 4. d3 Bc5 5. O-O d6 6. c3 O-O 7. Bg5 h6 8. Bh4
Qe7 9. Nbd2 Nd8 10. d4 Bb6 11. d5 c6 12. Bd3 g5 13. Nxg5 hxg5 14. Bxg5 Kg7 15.
Kh1 Qd7 16. Bxf6+ Kxf6 17. f4 Ke7 18. Qe1 Qg4 19. Be2 Qg7 20. f5 f6 21. Bh5 Rh8
22. Bg6 Qh6 23. Nf3 cxd5 24. exd5 Bd7 25. Qg3 Nf7 26. Rae1 Bb5 27. Rf2 Bxf2 28.
Qxf2 b6 29. a4 Bxa4 30. Qd4 Bd7 31. h4 Ng5 32. Nxg5 Qxg5 0-1

[Event "Bad Woerishofen op"]
[Site "Bad Woerishofen"]
[Date "2000.??.??"]
[Round "2"]
[White "Espig, Lutz"]
[Black "Eichler, Gottfried"]
[Result "1/2-1/2"]
[WhiteElo "2402"]
[BlackElo "2173"]
[PlyCount "48"]
[EventDate "1998.03.05"]
[Source "ChessBase"]
[SourceDate "1998.04.29"]

1. Nf3 Nf6 2. c4 c5 3. Nc3 Nc6 4. g3 g6 5. Bg2 Bg7 6. d4 cxd4 7. Nxd4 Nxd4 8.
Qxd4 O-O 9. O-O d6 10. Qd3 Rb8 11. Bd2 Be6 12. Rac1 Qd7 13. Rfd1 Bh3 14. Bh1 a6
15. a4 Rfc8 16. b3 Bf5 17. e4 Bg4 18. f3 Be6 19. Be3 Qe8 20. Bg2 Nd7 21. a5 Nc5
22. Qc2 b5 23. axb6 Rxb6 24. Bxc5 dxc5 1/2-1/2

[Event "Bad Woerishofen op"]
[Site "?"]
[Date "2000.??.??"]
[Round "4"]
[White "Espig, Lutz"]
[Black "Wittfoth, Kai-Uwe"]
[Result "1-0"]
[WhiteElo "2402"]
[BlackElo "2151"]
[PlyCount "43"]
[EventDate "2000.??.??"]

1. Nf3 d5 2. c4 e6 3. b3 Nd7 4. Bb2 c6 5. g3 f5 6. Bg2 Ngf6 7. O-O Be7 8. d3
O-O 9. Nbd2 Qe8 10. Qc2 Qh5 11. e4 f4 12. gxf4 Qg4 13. Nd4 Nc5 14. cxd5 Qxf4
15. Ne2 Qh6 16. dxc6 Ng4 17. h3 Ne3 18. fxe3 Qxe3+ 19. Kh1 Qxe2 20. Qc3 Rf6 21.
Rf3 Rg6 22. Bf1 1-0

[Event "Bad Woerishofen op"]
[Site "?"]
[Date "2000.??.??"]
[Round "7"]
[White "Espig, Lutz"]
[Black "Erenska, Hanna"]
[Result "1/2-1/2"]
[WhiteElo "2402"]
[BlackElo "2250"]
[PlyCount "107"]
[EventDate "2000.??.??"]

1. Nf3 f5 2. g3 Nf6 3. Bg2 g6 4. c4 Bg7 5. O-O d6 6. d4 O-O 7. Nc3 c6 8. d5 a5
9. Nd4 Bd7 10. Rb1 Qe8 11. b3 Na6 12. a3 Kh8 13. Bb2 e5 14. dxe6 Bxe6 15. Nxe6
Qxe6 16. Na4 Nc5 17. Nxc5 dxc5 18. Qc2 Rfe8 19. e3 Ne4 20. Rfd1 Re7 21. Rd3
Bxb2 22. Qxb2+ Qf6 23. Qxf6+ Nxf6 24. Bf3 Kg7 25. Rbd1 Kf7 26. Kf1 Ke8 27. Rd6
Kf7 28. Rd8 Re8 29. R8d3 Re7 30. Ke1 Ree8 31. Kd2 Re7 32. Kc3 Ree8 33. h3 h5
34. h4 Re7 35. Rd8 Re8 36. Rxe8 Kxe8 37. e4 fxe4 38. Re1 Kf7 39. Bxe4 Re8 40.
f3 Nxe4+ 41. Rxe4 Rd8 42. Kc2 Kf6 43. Re3 Ra8 44. a4 Rg8 45. Kd2 g5 46. hxg5+
Rxg5 47. f4 Rg4 48. Ke2 h4 49. gxh4 Rxh4 50. Kf3 Rh8 51. Ke4 Re8+ 52. Kd3 Rd8+
53. Kc3 Rd4 54. Re8 1/2-1/2

[Event "Bad Woerishofen op"]
[Site "?"]
[Date "2000.??.??"]
[Round "9"]
[White "Espig, Lutz"]
[Black "Koglin, Anke"]
[Result "1/2-1/2"]
[WhiteElo "2402"]
[BlackElo "2270"]
[PlyCount "120"]
[EventDate "2000.??.??"]

1. Nf3 d5 2. g3 c6 3. Bg2 Bg4 4. b3 Nd7 5. Bb2 Ngf6 6. d3 e6 7. Nbd2 Bd6 8. O-O
O-O 9. Qe1 Re8 10. e4 e5 11. h3 Bh5 12. Nh4 a5 13. a3 Bc5 14. Kh1 dxe4 15. dxe4
Qc7 16. Nc4 Bg6 17. Nxg6 hxg6 18. Qe2 Bf8 19. Rfd1 b5 20. Ne3 Nc5 21. Ng4 Nxg4
22. Qxg4 Rad8 23. Bf1 Ne6 24. Kg2 Rxd1 25. Rxd1 Bc5 26. Rd2 Bd4 27. c3 Bc5 28.
h4 Rd8 29. Qd1 Rxd2 30. Qxd2 Kf8 31. Be2 Ke7 32. Bg4 Qd6 33. Qxd6+ Bxd6 34. Bd1
Kd7 35. Bc2 Ke7 36. Kf3 Kd7 37. Ke2 Ke7 38. b4 axb4 39. axb4 Bc7 40. Bc1 Kd7
41. Be3 Ke7 42. Bb3 Kd7 43. Kf3 Ke7 44. Kg4 Nf8 45. f4 Nd7 46. Kf3 Nf6 47. g4
exf4 48. Bxf4 Bb6 49. Bg3 Ke8 50. Bd6 Bg1 51. Be5 Ke7 52. Bf4 Bb6 53. Bc2 Bg1
54. Bd3 Bb6 55. Bf1 Bg1 56. Bg3 Bb6 57. Be5 Bg1 58. c4 bxc4 59. Bxc4 Bb6 60.
Bc3 Bc7 1/2-1/2

[Event "Bad Woerishofen op"]
[Site "Bad Woerishofen"]
[Date "2000.??.??"]
[Round "1"]
[White "Fahnenschmidt, Gerhard"]
[Black "Zickelbein, Eva Maria"]
[Result "1-0"]
[WhiteElo "2336"]
[BlackElo "1967"]
[PlyCount "55"]
[EventDate "1998.03.05"]
[Source "ChessBase"]
[SourceDate "1998.04.29"]

1. c4 f5 2. g3 e5 3. Bg2 d6 4. Nc3 Nf6 5. d4 Be7 6. dxe5 dxe5 7. Bg5 O-O 8. Nf3
Nc6 9. O-O Be6 10. Qa4 Qe8 11. Rfd1 e4 12. Nd2 Qh5 13. Bf4 g5 14. Bxc7 e3 15.
fxe3 Ng4 16. Nf1 Bc5 17. Bxc6 Bxe3+ 18. Kg2 f4 19. Bd5 Bxd5+ 20. Nxd5 fxg3 21.
Bxg3 Bf2 22. Bd6 Rf7 23. Ne7+ Kh8 24. Qb5 Bb6 25. Be5+ Nf6 26. Bxf6+ Rxf6 27.
Qd5 Qg4+ 28. Ng3 1-0

[Event "Bad Woerishofen op"]
[Site "?"]
[Date "2000.??.??"]
[Round "3"]
[White "Fahnenschmidt, Gerhard"]
[Black "Straub, Peter"]
[Result "1-0"]
[WhiteElo "2336"]
[BlackElo "2126"]
[PlyCount "73"]
[EventDate "2000.??.??"]

1. d4 Nf6 2. c4 e6 3. g3 d5 4. Bg2 Be7 5. Nf3 O-O 6. O-O dxc4 7. Ne5 Nc6 8.
Bxc6 bxc6 9. Nxc6 Qe8 10. Qa4 Bd6 11. Qxc4 Bd7 12. Ne5 Bb5 13. Qc2 c5 14. Nf3
Rc8 15. Nc3 Bc6 16. dxc5 Bxc5 17. Ne5 Ba8 18. Qd3 Qe7 19. Bg5 Qb7 20. Nf3 Rfd8
21. Qb5 Bb6 22. Bxf6 gxf6 23. Rad1 a6 24. Qh5 Ba7 25. Rxd8+ Rxd8 26. e4 Qxb2
27. Ng5 Qb7 28. Rb1 Qd7 29. Rd1 Bd5 30. Nxd5 exd5 31. Rxd5 fxg5 32. Qxg5+ Kf8
33. Qh6+ Ke8 34. Re5+ Qe7 35. Qc6+ Kf8 36. Rxe7 Kxe7 37. Qxa6 1-0

[Event "Bad Woerishofen op"]
[Site "?"]
[Date "2000.??.??"]
[Round "5"]
[White "Fahnenschmidt, Gerhard"]
[Black "Guenther, Thomas"]
[Result "0-1"]
[WhiteElo "2336"]
[BlackElo "2142"]
[PlyCount "132"]
[EventDate "2000.??.??"]

1. d4 c5 2. e4 cxd4 3. Nf3 Nc6 4. Nxd4 Qb6 5. Nb5 a6 6. Be3 Qd8 7. N5c3 e6 8.
Nd2 b5 9. a4 b4 10. Nd5 exd5 11. exd5 Na5 12. Qe2 Qe7 13. d6 Qe6 14. Qh5 Nc6
15. Bc4 Qg6 16. Qe2 Bxd6 17. Bc5+ Nge7 18. Bxd6 Qxd6 19. Ne4 Qh6 20. Rd1 d5 21.
Bxd5 O-O 22. O-O Nxd5 23. Rxd5 Ne7 24. Rh5 Qg6 25. Rg5 Qe6 26. Qf3 Bb7 27. Nf6+
Kh8 28. Qxb7 Qxf6 29. Rg3 Ng6 30. Qxb4 Rab8 31. Qc5 Qxb2 32. h4 Qb4 33. Qf5
Qxh4 34. Rd1 Qf4 35. Qd7 Qc4 36. c3 Ne5 37. Qf5 Qe6 38. Qh5 g6 39. Qh4 f6 40.
Re3 Qf7 41. Rd6 Nc4 42. Red3 Nxd6 43. Rxd6 Rb1+ 44. Kh2 Qc7 45. Qd4 Rc1 46. f4
Qxc3 47. Qa7 Qc5 48. Rxa6 Qxa7 49. Rxa7 Kg8 50. a5 Ra1 51. Kg3 Rf7 52. Ra8+ Kg7
53. Kh4 f5 54. a6 Rf6 55. Ra7+ Kh6 56. g4 fxg4 57. f5 Raxa6 58. Re7 gxf5 59.
Re3 Ra1 60. Re7 Rh1+ 61. Kg3 f4+ 62. Kg2 Ra1 63. Kh2 Ra2+ 64. Kg1 f3 65. Kh1 g3
66. Re1 Rh2+ 0-1